Microchip fabrication / (Record no. 19351)
[ view plain ]
| 000 -LEADER | |
|---|---|
| fixed length control field | 01238cam a2200301 a 4500 |
| 001 - CONTROL NUMBER | |
| control field | 17974983 |
| 005 - DATE AND TIME OF LATEST TRANSACTION | |
| control field | 20150513153756.0 |
| 008 - FIXED-LENGTH DATA ELEMENTS--GENERAL INFORMATION | |
| fixed length control field | 131218t2014 nyua frbd 001 0 eng d |
| 020 ## - INTERNATIONAL STANDARD BOOK NUMBER | |
| International Standard Book Number | 9780071821018 (hardback) |
| 020 ## - INTERNATIONAL STANDARD BOOK NUMBER | |
| International Standard Book Number | 0071821015 |
| 040 ## - CATALOGING SOURCE | |
| Original cataloging agency | DLC |
| Language of cataloging | eng |
| Transcribing agency | DLC |
| Modifying agency | D LC |
| -- | EG-ScBUE |
| 082 00 - DEWEY DECIMAL CLASSIFICATION NUMBER | |
| Classification number | 621.38152 |
| Edition number | 22 |
| Item number | VAN |
| 100 1# - MAIN ENTRY--PERSONAL NAME | |
| Personal name | Van Zant, Peter. |
| 9 (RLIN) | 37999 |
| 245 10 - TITLE STATEMENT | |
| Title | Microchip fabrication / |
| Statement of responsibility, etc | Peter Van Zant. |
| 246 34 - VARYING FORM OF TITLE | |
| Title proper/short title | Microchip fabrication : |
| Remainder of title | a practical guide to semiconductor processing |
| 250 ## - EDITION STATEMENT | |
| Edition statement | 6th ed. |
| 260 ## - PUBLICATION, DISTRIBUTION, ETC. (IMPRINT) | |
| Place of publication, distribution, etc | New York : |
| Name of publisher, distributor, etc | McGraw Hill Education, |
| Date of publication, distribution, etc | c.2014. |
| 300 ## - PHYSICAL DESCRIPTION | |
| Extent | xxiii, 548 p. : |
| Other physical details | ill. ; |
| Dimensions | 24 cm |
| 500 ## - GENERAL NOTE | |
| General note | Glossary : p. 503-521. |
| 500 ## - GENERAL NOTE | |
| General note | Index : p. 523-548. |
| 504 ## - BIBLIOGRAPHY, ETC. NOTE | |
| Bibliography, etc | Includes bibliographical references. |
| 520 ## - SUMMARY, ETC. | |
| Summary, etc | "This fully updated introduction to semiconductor manufacturing--the industry that drives high tech--offers a low-math, straightforward approach to the entire process, from raw materials through shipping the finished, packaged device"-- |
| 650 #7 - SUBJECT ADDED ENTRY--TOPICAL TERM | |
| Topical term or geographic name as entry element | Semiconductors |
| General subdivision | Design and construction. |
| Source of heading or term | BUEsh |
| 9 (RLIN) | 32592 |
| 650 #7 - SUBJECT ADDED ENTRY--TOPICAL TERM | |
| Topical term or geographic name as entry element | Integrated circuits |
| General subdivision | Design and construction. |
| Source of heading or term | BUEsh |
| 9 (RLIN) | 32591 |
| 653 ## - INDEX TERM--UNCONTROLLED | |
| Resource For college | Engineering, General |
| Arrived date list | May2015 |
| 655 ## - INDEX TERM--GENRE/FORM | |
| Form subdivision | |
| -- | 34232 |
| 942 ## - ADDED ENTRY ELEMENTS (KOHA) | |
| Source of classification or shelving scheme | Dewey Decimal Classification |
| Withdrawn status | Item status | Source of classification or shelving scheme | Damaged status | Not for loan | Vendor | Home library | Current library | Shelving location | Date acquired | Source of acquisition | Cost, normal purchase price | Serial Enumeration / chronology | Total Checkouts | Total Renewals | Full call number | Barcode | Date last seen | Date last borrowed | Cost, replacement price | Koha item type |
|---|---|---|---|---|---|---|---|---|---|---|---|---|---|---|---|---|---|---|---|---|
| Dewey Decimal Classification | Alahram | Central Library | Central Library | First floor | 13/05/2015 | 773.00 | 329 | 1 | 8 | 621.38152 VAN | 000038225 | 15/07/2025 | 18/02/2017 | 960.25 | Book - Borrowing |